| 000 | 00613nam a22001817a 4500 | ||
|---|---|---|---|
| 005 | 20251108165328.0 | ||
| 008 | 250721s1988 xx 000 0 ara d | ||
| 082 | 1 | 4 | _a636.085/أعل |
| 100 | 1 | _aبارتا، | |
| 245 | 1 | 0 | _aالأعلاف غير التقليدية في علائق الحيوانات الزراعية / |
| 264 | 1 |
_aبغداد : _bوزارة التعليم العالي و البحث العلمي، _c1988. |
|
| 300 | _a340ص | ||
| 650 | 1 | 7 | _aتغذية الحيوان |
| 650 | 1 | 7 | _aالأعلاف |
| 700 | 1 |
_aعباس، محمد رياض _eترجمة |
|
| 942 |
_2ddc _cBK |
||
| 999 |
_c25211 _d25211 |
||